USA State Capital Quiz - Statistics

General Stats
  • This quiz has been taken 934 times
  • The average score is 35 of 50
Answers on the Map
Answers color-coded by a green-red scale on the quiz's map according to % correct below.
 
Answer Stats
Answer % Correct
Austin
89%
Sacramento
89%
Tallahassee
84%
Albany
83%
Phoenix
83%
Honolulu
82%
Atlanta
81%
Denver
81%
Oklahoma City
80%
Salt Lake City
80%
Boston
79%
Boise
78%
Indianapolis
78%
Baton Rouge
76%
Juneau
75%
Salem
73%
Santa Fe
73%
Olympia
72%
Jackson
71%
Little Rock
71%
Nashville
71%
Springfield
71%
Carson City
70%
Bismarck
68%
Columbus
68%
Helena
68%
Lincoln
68%
Raleigh
68%
Augusta
67%
Cheyenne
67%
Montgomery
67%
Des Moines
66%
Saint Paul
66%
Lansing
64%
Madison
64%
Richmond
64%
Topeka
64%
Pierre
63%
Providence
63%
Charleston
62%
Annapolis
61%
Dover
61%
Frankfort
60%
Montpelier
60%
Columbia
59%
Harrisburg
59%
Trenton
59%
Hartford
57%
Jefferson City
55%
Concord
52%
No matching quizzes found
Score Distribution
Percent of People with Each Score
Percentile by Number Answered
Your Score History
You have not taken this quiz